O ratinho marinheiro (Registo nº 28282)

Detalhes MARC
000 -Etiqueta do registo
Valores 00658cam a2200253 4500
090 ## -
-- 28282
095 ## -
-- PTBN00110483
100 ## - Dados gerais de processamento
Dados gerais 20070904d1987 a y0pory5003 ba
101 0# - Língua de publicação
-- por
102 ## - País de publicação
-- PT
200 1# - Titulo e menção de responsabilidade
Título próprio O ratinho marinheiro
Primeira menção de responsabilidade Luísa Ducla Soares
Outras menções de responsabilidade il. Paula Amaral
210 ## - Publicação
Local de publicação Lisboa
Nome do editor Livros Horizonte,
Data de publicação imp. 1987
215 ## - Descrição física 
Paginação / Volumes [20] p.
Outras indicações físicas il.
Dimensões 20 cm
225 2# - Colecção 
Título próprio da colecção Rosa dos ventos
675 ## - CDU
Notação 087.5
Edição med
Língua por
700 #1 - Autor principal (pessoa individual)
Apelido Soares,
Nome Luísa Ducla,
Datas 1939-
ID Autoridade 2431
702 #1 - Autor secundário (pessoa individual)
Apelido Amaral,
Nome Paula
-- 440
801 #0 - Fonte de origem
País PT
Agência BN
Regras de catalogação RPC
930 ## -
-- BECRE
930 ## -
-- BECRE/A
998 ## -
-- BN883-00203
990 ## - Elementos KOHA
Tipo de documento Livro
995 ## - Localização e informação dos exemplares
-- 18
995 ## - Localização e informação dos exemplares
-- 18
995 ## - Localização e informação dos exemplares
-- 18
995 ## - Localização e informação dos exemplares
-- 18
995 ## - Localização e informação dos exemplares
-- 18
995 ## - Localização e informação dos exemplares
-- 18
Exemplares
Situação do levantamento Estado Biblioteca de origem Biblioteca de empréstimo Código de barras Cota Permissão de empréstimo Tipo de documento
  Completo Biblioteca da Escola Básica de Aguiar Biblioteca da Escola Básica de Aguiar 322BA 087.5 SOA Disponível Livro
  Completo Biblioteca do Centro Escolar de Viana do Alentejo Biblioteca do Centro Escolar de Viana do Alentejo 923BV 087.5 SOA Disponível Livro
  Completo Biblioteca do Centro Escolar de Viana do Alentejo Biblioteca do Centro Escolar de Viana do Alentejo 924BV 087.5 SOA Disponível Livro
  Completo Biblioteca do Centro Escolar de Viana do Alentejo Biblioteca do Centro Escolar de Viana do Alentejo 1348BV 087.5 SOA Disponível Livro
  Completo Biblioteca do Centro Escolar de Viana do Alentejo Biblioteca do Centro Escolar de Viana do Alentejo 1349BV 087.5 SOA Disponível Livro
  Completo Biblioteca do Centro Escolar de Viana do Alentejo Biblioteca do Centro Escolar de Viana do Alentejo 1350BV 087.5 SOA Disponível Livro




Powered by Koha